| 000 | 00000nam 2200000zi 4500 |
| 001 | 9.940611 |
| 003 | CaOODSP |
| 005 | 20250129094717 |
| 006 | m o d f |
| 007 | cr |n||||||||| |
| 008 | 240716e198107 onc|||| ob f000 0|eng d |
| 040 | |aCaOODSP|beng|erda|cCaOODSP |
| 043 | |an-cn---|an-us--- |
| 086 | 1 |aId35-18/1981E-PDF |
| 245 | 00|aOn-board fishing vessel equipment : |baccessing U.S. west coast markets / |cprepared by Frank Orth & Associates, Inc. |
| 264 | 1|a[Ottawa] : |bDepartment of Industry, Trade and Commerce, |cJuly 1981. |
| 300 | |a1 online resource (2 volumes) |
| 336 | |atext|btxt|2rdacontent |
| 337 | |acomputer|bc|2rdamedia |
| 338 | |aonline resource|bcr|2rdacarrier |
| 500 | |aDigitized edition from print [produced by Innovation, Science and Economic Development Canada]. |
| 500 | |aIssued also in French under title: Équipement de bord pour navires de pêche : l'accès aux marchés de la côte ouest américaine. |
| 500 | |aAt head of title: Market studies of United States. |
| 504 | |aIncludes bibliographical references. |
| 505 | 0 |a[v. 1]. Executive summary -- [v. 2]. Report. |
| 650 | 0|aFishing boats|zCanada|xEquipment and supplies. |
| 650 | 0|aFishing boats|zUnited States|xEquipment and supplies. |
| 650 | 0|aMarket surveys|zUnited States. |
| 710 | 1 |aCanada. |bDepartment of Industry, Trade and Commerce, |eissuing body. |
| 710 | 2 |aFrank Orth & Associates, |eauthor, |eissuing body. |
| 775 | 08|tÉquipement de bord pour navires de pêche : |w(CaOODSP)9.947291 |
| 856 | 40|qPDF|s680 KB|uhttps://publications.gc.ca/collections/collection_2025/isde-ised/Id35-18-1981-1-eng.pdf|z[v. 1]. Executive summary |
| 856 | 40|qPDF|s2.61 MB|uhttps://publications.gc.ca/collections/collection_2025/isde-ised/Id35-18-1981-2-eng.pdf|z[v. 2]. Report. |